Geography Quiz

Random Geography or State Quiz

Largest US States Minefield Quiz Stats

 Plays Quiz Updated May 17, 2018

Challenge
Share
Tweet
Embed
Score 0/26 Timer 05:00
0 Plays Today
Rank State % Correct
2???
88.3%
1???
86.2%
3???
86.1%
4???
69.9%
6???
64.1%
5???
62.5%
8???
61.8%
7???
58.8%
10???
57.4%
9???
54%
18???
53%
13???
52.4%
19???
51.8%
Rank State % Correct
17???
51.1%
22???
49%
14???
48.9%
12???
48.5%
16???
44.6%
15???
44.4%
20???
38.8%
11???
38.1%
21???
32.1%
23???
31%
24???
29%
25???
26.9%
Mine:???
8.3%

You're not logged in!

Compare scores with friends on all Sporcle quizzes.
OR
Log In

You Might Also Like...

Show Comments

Extras

Top Quizzes Today


Score Distribution

Your Account Isn't Verified!

In order to create a playlist on Sporcle, you need to verify the email address you used during registration. Go to your Sporcle Settings to finish the process.

Report this User

Report this user for behavior that violates our Community Guidelines.

Details: